|
|
|
แสดงรายละเอียดบรรณานุกรม |
|
|
Brief Record
: Get Marc (ISO 2709)
: E-mail record
: |
|
|
| LEADER 01174nam 2200277 a 4500 | |||
| 001 34692 | |||
| 003 ULIBM | |||
| 008 030417s2004 caua sb 001 0 eng | |||
| 020 ^a974-208-087-9 | |||
| 082 ^a005.7^bล-ท | |||
| 100 ^aลิปชูทซ์, ซีมัว | |||
| 245 ^aทฤษฎีและตัวอย่างโจทย์ โครงสร้างข้อมูล/^cซีมัว ลิปชูทซ์ | |||
| 260 ^aกรุงเทพฯ:^bแมคกรอ-ฮิล,^c2540 | |||
| 300 ^a432 หน้า | |||
| 650 ^aโครงสร้างข้อมูล,ทฤษฎีและตัวอย่างโจทย์ | |||
| 700 ^a สมคิด เรืองธนะสกุลไทย,^eผู้แปล | |||
| 700 0 ^a อุดม จีนประดับ,^eผู้แปลร่วม | |||
| 913 ^aImported by ULIBM Administrator | |||
| 949 ^aImport form external file by ULIBM system | |||
| คุณยังไม่ได้ล็อกอิน คุณสามารถมีกิจกรรมร่วมกับเว็บไซต์ได้ แต่ต้องล็อกอินก่อน :: |
|
| สถานะ | |||||||||
| 1. | หนังสือ | 005.7 ล-ท 2004 Barcode: 060759 | ►หนังสือทั่วไป | On Shelf ขอยืม | |||||
| [แสดง 1/1 รายการ] | |||||||||

BibComment |
| คอมเมนท์ทรัพยากรรายการนี้ |
|
|
ห้องสมุดโรงเรียนสามัคคีวิทยาคม
159 ถ.บรรพปราการ ต.เวียง อ.เมือง จ.เชียงราย 57000
โทร. 053-711018 โทรสาร 053-713003